Podium des meilleurs footballeurs français depuis 2008 - Statistiques

Statistiques générales
  • Ce quiz a été pris 12 022 fois
    1 900 depuis la dernière actualisation
  • Le résultat moyen est 10 sur 17
Statistiques - réponses
Réponse % Correct
Kylian Mbappé
99%
Antoine Griezmann
95%
Karim Benzema
94%
Paul Pogba
89%
N'Golo Kanté
85%
Hugo Lloris
83%
Raphaël Varane
82%
Franck Ribéry
79%
Blaise Matuidi
54%
Samir Nasri
49%
Mike Maignan
46%
Dimitri Payet
45%
William Saliba
42%
Nicolas Anelka
34%
Yoann Gourcuff
34%
Florent Malouda
22%
Éric Abidal
18%
Aucun quiz correspondant
Distribution des résultats
% des personnes avec chaque résultat
Percentile par nombre de réponses
Votre historique - résultats
Vous n’avez pas pris ce quiz depuis la dernière actualisation